000 00537nam a22001937a 4500
003 BD-DhJNU
005 20250122090523.0
008 250122b |||||||| |||| 00| 0 eng d
020 _a0803916108
040 _aBD-DhJNU
_bENG
_cBD-DhJNU
_dBD-DhJNU
082 _223
_a353.9794
100 _aDery, David
245 _aComputers in welfare :
_bthe MIS-match /
_cDavid Dery
260 _aLondon :
_bSage Publications,
_c1981.
300 _a260 p. :
_bill. ;
_c23 cm.
504 _aincludes index
650 _aComputers
942 _2ddc
_cBK
_n0
999 _c1155
_d1155